000 01182nam a2200289 a 4500
003 BLK
005 20250517123342.0
008 200630b bu ||||| |||| 00| 0 bu d
020 _a9786191519248
_q978-619-151-924-8
040 _aBLK
041 _aBUL
_cBUL
080 _aАнглийска литература
_b821.111
_x-312.4
_z821.111-312.4
100 _9475892
_aДиксън, Хелена
_eпърви автор
139 _aДиксън, Хелена
_bД 54
245 _aУбийство в театъра
_bРоман
_cХелена Диксън ; прев. от англ. Анета Пантелеева.
257 _aGBR
260 _9209582
_aСофия
_bСофтПрес
_c2023
_n978-619-151- ; 978-954-685-
300 _a271 с.
_c20 см
380 _aX
490 _9487951
_aКриминалните загадки на госпожица Ъндърхей
500 _aMurder at the Playhouse / Helena Dixon
700 _9389684
_aПантелеева, Анета Димитрова
_eпрев. от англ.
852 _aЦб 322798
_bЦб
856 _i0.00
_ldisable
942 _cKNG
_n0
_019
944 _k30534
_lРадостина Карадакова
999 _c491898
_d491898